UGC CSIR NET JRF (Record no. 137505)

MARC details
000 -LEADER
fixed length control field 00438nam a22001697a 4500
003 - CONTROL NUMBER IDENTIFIER
control field OSt
005 - DATE AND TIME OF LATEST TRANSACTION
control field 20250924104936.0
008 - FIXED-LENGTH DATA ELEMENTS--GENERAL INFORMATION
fixed length control field 250924b |||||||| |||| 00| 0 eng d
040 ## - CATALOGING SOURCE
Transcribing agency SBCL
082 ## - DEWEY DECIMAL CLASSIFICATION NUMBER
Classification number 371.26
Item number CEE-U
100 ## - MAIN ENTRY--PERSONAL NAME
Personal name Rafeekali
245 ## - TITLE STATEMENT
Title UGC CSIR NET JRF
260 ## - PUBLICATION, DISTRIBUTION, ETC.
Place of publication, distribution, etc. Calicut
Name of publisher, distributor, etc. CEED
300 ## - PHYSICAL DESCRIPTION
Extent 398P.
650 ## - SUBJECT ADDED ENTRY--TOPICAL TERM
Topical term or geographic name entry element Education
942 ## - ADDED ENTRY ELEMENTS (KOHA)
Koha item type BOOK
650 ## - SUBJECT ADDED ENTRY--TOPICAL TERM
Source of heading or term Social sciences
Form subdivision Schools and their activities; special education
Holdings
Withdrawn status Lost status Source of classification or shelving scheme Damaged status Use restrictions Not for loan Home library Current library Date acquired Total Checkouts Full call number Barcode Shelving location Date last seen Price effective from Koha item type
    Dewey Decimal Classification   RESTRICTED   SB LIBRARY SB LIBRARY 24/09/2025   371.26 CEE-U 143077 REFERENCE READING ROOM 24/09/2025 24/09/2025 BOOK

Powered by Koha